00757nam 2200181 45000010005000000900009000051000041000141010008000552000119000632100054001822150026002366060092002626060028003546070020003827100044004028010020004469950109004665976 a5976 a20190729k u||y0frey50 ba aspa aNiños desaparecidos en la Argentina desde 1976bBrochureeidentitad, Familia, LibertadfAbuelas de Plaza de Mayo aMontevideocAbuelas de Plaza de Mayod1987 Agosto a129 p.cportr.d20 cm 96821aArgentine 1976-1983 : Dictature militaire Processus de réorganisation nationale 91411aDroits de l'homme 91862aArgentine 96820aGrands-mères de la place de Mai aCHbCH-002049-8 10203052026-04-2896941bARCHICcARCHICeBrochuresf7812hComité Mémoire et JusticekBroch 2692o1